Chevrolet Car Models Worldwide 2024-25 - Statistics

General Stats
  • This quiz has been taken 742 times
    143 since last reset
  • The average score is 31 of 65
Answer Stats
Hint Answer % Correct
Fullsize 1/2 Ton Pickup Silverado 1500
90%
Fullsize 1/2 Ton Off-Road Pickup Silverado 1500 ZR2
90%
Fullsize 3/4 Ton Pickup Silverado 2500HD
90%
Fullsize 1 Ton Pickup Silverado 3500HD
90%
Commercial Truck Silverado 3500HD Chassis Cab
90%
Medium Duty Truck Silverado 4500HD
90%
Medium Duty Truck Silverado 5500HD
90%
Medium Duty Truck Silverado 6500HD
90%
Fullsize 1/2 Ton Pickup EV Silverado EV
90%
Supercar Corvette ZR1
84%
Supercar PHEV Corvette E-Ray
82%
Supercar Corvette Stingray
82%
Supercar Corvette Z06
82%
Fullsize SUV Tahoe
66%
Midsize Pickup Colorado
63%
Midsize Off-Road Pickup Colorado ZR2
63%
Midsize Sedan Malibu
63%
Fullsize SUV Suburban
62%
Compact Sedan Cruze
58%
Compact Hatchback Cruze Hatchback
58%
Compact Crossover Equinox
58%
Compact Crossover EV Equinox EV
58%
Midsize Crossover Blazer
57%
Midsize Crossover EV Blazer EV
57%
Midsize Crossover Police EV Blazer EV PPV
57%
Midsize Sport Crossover EV Blazer EV SS
57%
Midsize Crossover Blazer XL
57%
Subcompact Crossover EV Bolt EUV
53%
City Car Beat/Spark GT
52%
Subcompact Hatchback EV Bolt EV
52%
City Car Spark
52%
Subcompact Crossover Trax/Seeker
51%
Commercial Van Express
44%
Commercial Van Express Max
44%
Microbus Express Passenger
44%
Subcompact Crossover Trailblazer (Crossover)
43%
Midsize SUV Trailblazer (SUV)
43%
Midsize Crossover Traverse
43%
Subcompact Sedan Aveo/Optra
38%
Subcompact Hatchback Aveo Hatchback
37%
Subcompact Sedan Sonic
29%
Subcompact Hatchback Sonic Hatchback
29%
Midsize Pickup S10
28%
Midsize Pickup S10 Max
28%
Compact Crossover Captiva
27%
Subcompact Hatchback Joy
25%
Subcompact Pickup Montana
25%
Subcompact Hatchback Onix
25%
Subcompact Sedan Onix Plus
25%
Subcompact Crossover Tracker
25%
Subcompact Sedan Monza/Cavalier
23%
Commercial Van EV BrightDrop
22%
Mini MPV Spin
20%
Subcompact Crossover Groove
16%
Compact MPV Orlando
16%
Subcompact Sedan Sail
16%
Subcompact Sedan Joy Plus
15%
Compact Crossover EV Menlo EV
15%
Micro Van N300
15%
Subcompact Van N400/Tornado Van
15%
City Car Notchback Beat NB
14%
Commercial Truck LCF
13%
Commercial Truck LCF XD
13%
Micro Van N200
8%
Bus MT1 34S
4%
No matching quizzes found
Score Distribution
Percent of People with Each Score
Percentile by Number Answered
Your Score History
You have not taken this quiz since the last reset